000 00295nam a22001457a 4500
008 210430b ||||| |||| 00| 0 eng d
020 _a9780553447453
041 _aeng
080 _a82
082 _a82
100 _a21
101 _aGJL
245 _aEvicted
_cDesmond,M
942 _2udc
_cBK
999 _c57033
_d57033